header

Management consulting (Record no. 119873)

MARC details
000 -LEADER
fixed length control field 01250nam a2200337 a 4500
082 04 - DEWEY DECIMAL CLASSIFICATION NUMBER
Classification number 001
245 00 - TITLE STATEMENT
Title Management consulting
250 ## - EDITION STATEMENT
Edition statement 4th. ed.
260 ## - PUBLICATION, DISTRIBUTION, ETC. (IMPRINT)
Place of publication Geneva :
Name of publisher International Labour Office,
Year of publication 2002.
300 ## - PHYSICAL DESCRIPTION
Number of Pages xxiii, 904 p. :
Other physical details ill.
650 #0 - SUBJECT ADDED ENTRY--TOPICAL TERM
Topical Term Business consultants.
700 1# - ADDED ENTRY--PERSONAL NAME
Personal name Kubr, Milan.
856 40 - ELECTRONIC LOCATION AND ACCESS
Uniform Resource Identifier http://site.ebrary.com/lib/rucke/Doc?id=10512147

No items available.

© 2026 Rongo University
Contact us: librarian | system librarian | Rongo university